Tributación de la minería en Chile
Guardat en:
| Autor principal: | |
|---|---|
| Altres autors: | |
| Format: | Llibre |
| Idioma: | espanyol |
| Publicat: |
Santiago
Legal Publishing
2014
|
| Edició: | 1a. ed |
| Col·lecció: | Monografías
|
| Matèries: | |
| Etiquetes: |
Afegir etiqueta
Sense etiquetes, Sigues el primer a etiquetar aquest registre!
|
MARC
| LEADER | 00000cam a2200000 a 4500 | ||
|---|---|---|---|
| 001 | UCD3082 | ||
| 003 | CL-VaPUC | ||
| 008 | 160526e20140000cl |||||||||||||||||spa|d | ||
| 020 | |a 9789563464931 | ||
| 082 | 0 | 4 | |a 343.83077 |b DEU |2 21 |
| 100 | 0 | |a Deutsch Spiegel, Pedro |e author |9 586445 | |
| 700 | |a Orellana Pavón, Juan Pablo |e autor |9 586446 | ||
| 245 | 1 | 0 | |a Tributación de la minería en Chile |
| 250 | |a 1a. ed | ||
| 300 | |a 309 p | ||
| 942 | |c BK | ||
| 945 | |d 20160526 21:26:00 |a dcastane | ||
| 260 | |a Santiago |b Legal Publishing |c 2014 | ||
| 650 | 0 | |a Derecho de minería |9 344919 | |
| 650 | 7 | |a TRIBUTACION MINERA |2 CL-VaPUC |9 370032 | |
| 650 | 7 | |a PATENTES MINERAS |2 CL-VaPUC |9 370029 | |
| 583 | |a last modification |c 20160526 21:26:00 |k Rodrigo Vera | ||
| 490 | 0 | |a Monografías | |
| 999 | |c 364146 |d 364144 | ||
| 952 | |0 0 |1 0 |3 erb |4 0 |6 343_830770000000000_DEU_2014 |7 0 |8 A |9 477089 |a BIBGIM |b BIBGIM |i 5287855 |l 3 |o 343.83077 DEU 2014 |p 5287855 |r 2025-01-15 |s 2022-10-20 |w 2019-11-24 |y BK |z Catalogado en:20160526 |k COM | ||